Vlaggen van de wereld nog moeilijker - Statistieken

Algemene statistieken
  • Deze quiz is 28 keer genomen
  • De gemiddelde score is 25 van 31
Antwoordstatistieken
Foto Antwoord % Correct
Iran
100%
Belize
92%
Comoren
92%
Dominicaanse Republiek
92%
Honduras
92%
Nicaragua
92%
Syrië
92%
El Salvador
88%
Irak
88%
Ghana
84%
Guatemala
84%
Tadzjikistan
84%
Antigua en Barbuda
80%
Dominica
80%
Maldiven
80%
Mali
80%
Marshalleilanden
80%
Oost-Timor
80%
Senegal
80%
Benin
76%
Bolivia
76%
Grenada
76%
Guinee
76%
Sierra Leone
76%
Vanuatu
76%
Guinee-Bissau
72%
Nauru
72%
Saint Vincent en de Grenadines
72%
Tuvalu
72%
Mauritius
68%
Salomonseilanden
68%
Geen overeenkomende quizzen gevonden
Scoreverdeling
Procent van Mensen met Elke Score
Percentiel versus Aantal Correcte Antwoorden
Uw Scoregeschiedenis
U heeft deze quiz nog niet genomen